Research methods in social relations / (Record no. 478831)

000 -LEADER
fixed length control field 01399cam a22003494a 4500
001 - CONTROL NUMBER
control field 12511147
003 - CONTROL NUMBER IDENTIFIER
control field NUST
005 - DATE AND TIME OF LATEST TRANSACTION
control field 20180726102041.0
008 - FIXED-LENGTH DATA ELEMENTS--GENERAL INFORMATION
fixed length control field 010823s2002 txua b 001 0 eng
010 ## - LIBRARY OF CONGRESS CONTROL NUMBER
LC control number 2001095096
020 ## - INTERNATIONAL STANDARD BOOK NUMBER
International Standard Book Number 0155061399
038 ## - RECORD CONTENT LICENSOR
Staff Name 0
040 ## - CATALOGING SOURCE
Original cataloging agency DLC
Transcribing agency DLC
Modifying agency DLC
042 ## - AUTHENTICATION CODE
Authentication code pcc
050 00 - LIBRARY OF CONGRESS CALL NUMBER
Classification number H62
Item number .K473 2002
082 00 - DEWEY DECIMAL CLASSIFICATION NUMBER
Classification number 300/.72
Edition number 21
100 1# - MAIN ENTRY--PERSONAL NAME
Personal name Hoyle, Rick H.
9 (RLIN) 12024
245 10 - TITLE STATEMENT
Title Research methods in social relations /
Statement of responsibility, etc. Rick H. Hoyle, Monica J. Harris, Charles M. Judd.
250 ## - EDITION STATEMENT
Edition statement 7th ed.
260 ## - PUBLICATION, DISTRIBUTION, ETC.
Place of publication, distribution, etc. Fort Worth, TX :
Name of publisher, distributor, etc. Wadsworth,
Date of publication, distribution, etc. 2002.
300 ## - PHYSICAL DESCRIPTION
Extent xxiii, 568 p. :
Other physical details ill. ;
Dimensions 24 cm.
504 ## - BIBLIOGRAPHY, ETC. NOTE
Bibliography, etc. note Includes bibliographical references (p. 538-556) and index.
650 #0 - SUBJECT ADDED ENTRY--TOPICAL TERM
Topical term or geographic name entry element Social sciences
General subdivision Research
-- Methodology.
9 (RLIN) 91
700 1# - ADDED ENTRY--PERSONAL NAME
Personal name Harris, Monica J.
9 (RLIN) 12025
700 1# - ADDED ENTRY--PERSONAL NAME
Personal name Judd, Charles M.
9 (RLIN) 980
856 42 - ELECTRONIC LOCATION AND ACCESS
Materials specified Contributor biographical information
Uniform Resource Identifier <a href="http://www.loc.gov/catdir/enhancements/fy1102/2001095096-b.html">http://www.loc.gov/catdir/enhancements/fy1102/2001095096-b.html</a>
856 42 - ELECTRONIC LOCATION AND ACCESS
Materials specified Publisher description
Uniform Resource Identifier <a href="http://www.loc.gov/catdir/enhancements/fy1102/2001095096-d.html">http://www.loc.gov/catdir/enhancements/fy1102/2001095096-d.html</a>
856 41 - ELECTRONIC LOCATION AND ACCESS
Materials specified Table of contents only
Uniform Resource Identifier <a href="http://www.loc.gov/catdir/enhancements/fy1215/2001095096-t.html">http://www.loc.gov/catdir/enhancements/fy1215/2001095096-t.html</a>
906 ## - LOCAL DATA ELEMENT F, LDF (RLIN)
a 7
b cbc
c orignew
d 2
e epcn
f 20
g y-gencatlg
942 ## - ADDED ENTRY ELEMENTS (KOHA)
Source of classification or shelving scheme
Koha item type Book
Holdings
Withdrawn status Lost status Source of classification or shelving scheme Damaged status Not for loan Collection code Permanent Location Current Location Shelving location Date acquired Total Checkouts Full call number Barcode Checked out Date last seen Date last checked out Price effective from Koha item type
            Central Library (CL) Central Library (CL) General Stacks 07/26/2018 1 300/.72 HOY S3H-N-337 02/13/2019 10/16/2018 10/16/2018 07/26/2018 Book
© 2023 Central Library, National University of Sciences and Technology. All Rights Reserved.